000
00205 a2200097 4500
001
3885
100
_a
Allen, L.A
245
_a
Management & organization
260
_a
_b
Mcgrawhill
_c
090
_c
3115
_d
3115
942
_a
NUST-CAE
_c
M
_c
23503
999
_c
238958
_d
238958